Price control and the Reign of Terror : France, 1793-1795.

Bibliographic Details
Main Author: Shepard, William Finley, 1917-
Format: Book
Language:English
Published: Berkeley : University of California Press, 1953.
Series:University of California publications in history ; v. 45.
Subjects:

MARC

Tag First Indicator Second Indicator Subfields
LEADER 00000cam a2200000 i 4500
001 in00000061200
005 20151008051634.0
008 770217s1953 cau b 00110 eng d
010 |a a 53009475  
035 |a (OCoLC)02745298 
035 |9 AAG9125AM 
040 |a PHA  |c PHA  |d TXA  |d UtOrBLW 
049 |a TXAM  |c [224052] 
050 0 0 |a HB236.F8  |b S44 1953 
092 |a 338.526  |b S547p 
100 1 |a Shepard, William Finley,  |d 1917- 
245 1 0 |a Price control and the Reign of Terror :  |b France, 1793-1795. 
264 1 |a Berkeley :  |b University of California Press,  |c 1953. 
300 |a 139 pages ;  |c 24 cm. 
336 |a text  |b txt  |2 rdacontent 
337 |a unmediated  |b n  |2 rdamedia 
338 |a volume  |b nc  |2 rdacarrier 
490 1 |a University of California publications in history, v. 45 
504 |a Bibliography: pages 117-133. 
650 0 |a Price regulation  |z France. 
651 0 |a France  |x History  |y Revolution, 1789-1799  |x Economic aspects. 
651 0 |a France  |x History  |y Revolution, 1789-1799. 
830 0 |a University of California publications in history ;  |v v. 45. 
999 |a MARS 
999 f f |s 485d7ad4-b92f-3b28-8c79-a81e66c4d5c7  |i c722784b-757f-3950-8b40-100959fe5cb3  |t 0 
952 f f |p ric  |a Texas A&M University  |b Rellis Campus  |c Joint Library Facility  |d Remote Storage  |t 0  |e HB236.F8 S44 1953  |h Library of Congress classification  |i unmediated -- volume  |m A14800768621 
998 f f |a HB236.F8 S44 1953  |t 0  |l Remote Storage